| 000 | 01321cam a2200373 a 4500 | ||
|---|---|---|---|
| 001 | 2357 | ||
| 003 | BD-RjUL | ||
| 005 | 20211208233530.0 | ||
| 008 | 131110s2008 enka sb 001 0 eng d | ||
| 020 | _z9781902505732 | ||
| 020 | _z1902505735 | ||
| 035 | _a(CtWfDGI)bks00035463 | ||
| 035 |
_a(NNC)8348957 _a(BD-RjUL)2384 |
||
| 040 |
_aCtWfDGI _beng _cCtWfDGI _dBD-RjUL |
||
| 041 | _aeng | ||
| 082 | 0 | 4 |
_a658.15 _222 _bBLF |
| 100 | 1 |
_aBlackstaff, Michael, _d1939- _97632 |
|
| 245 | 1 | 0 |
_aFinance for IT decision makers : _ba practical handbook for buyers, sellers, and managers / _cMichael Blackstaff, Hugh Pike. |
| 250 | _a2nd ed. | ||
| 256 | _aComputer document. | ||
| 260 |
_aSwindon, U.K. : _bBritish Computer Society, _cc2006 |
||
| 300 |
_aXIX,315p. : _bill.; _c24 cm. |
||
| 500 | _aTitle from title screen. | ||
| 504 | _aIncludes bibliographical references and index. | ||
| 516 | _aText. | ||
| 550 | _aDigitized and made available by: Books24x7.com. | ||
| 650 | 0 |
_aInformation technology _xEconomic aspects. _97633 |
|
| 650 | 0 |
_aBusiness enterprises _xFinance. _97634 |
|
| 655 | 7 |
_aElectronic books. _2lcsh _9171033 |
|
| 700 | 1 |
_aPike, Hugh. _4aut _97636 |
|
| 710 | 2 |
_aBooks24x7, Inc. _97637 |
|
| 856 | 4 | 0 |
_uhttp://www.columbia.edu/cgi-bin/cul/resolve?clio8348957 _zClick here for full text. |
| 942 |
_2ddc _cBK |
||
| 999 |
_c2357 _d2357 |
||